¿Come el duque? (Record no. 162676)
[ view plain ]
| 000 -LEADER | |
|---|---|
| campo de control de longitud fija | 01065nam a22001935i 4500 |
| 001 - NÚMERO DE CONTROL | |
| campo de control | 162676 |
| 003 - IDENTIFICADOR DE NÚMERO DE CONTROL | |
| campo de control | ES-MaACL |
| 005 - FECHA Y HORA DE LA ÚLTIMA TRANSACCIÓN | |
| campo de control | 20230906212558.0 |
| 008 - DATOS DE LONGITUD FIJA--INFORMACIÓN GENERAL | |
| campo de control de longitud fija | 020401s1873 sp |||| | spa d |
| 040 ## - FUENTE DE CATALOGACIÓN | |
| Centro catalogador/agencia de origen | CAM |
| Lengua de catalogación | spa |
| Centro/agencia transcriptor | CAM |
| 100 1# - ENTRADA PRINCIPAL--NOMBRE DE PERSONA | |
| Nombre de persona | Puente y Brañas, Ricardo. |
| 9 (RLIN) | 94166 |
| 245 11 - MENCIÓN DEL TÍTULO | |
| Título | ¿Come el duque? |
| Resto del título | : pasillo pasajero de puro pasatiempo que pasó, pasa y pasará siempre al paso que vamos / |
| Mención de responsabilidad, etc. | libro original de Ricardo Puente y Brañas ; música de Guillermo Cereceda. |
| 260 ## - PUBLICACIÓN, DISTRIBUCIÓN, ETC. | |
| Lugar de publicación, distribución, etc. | Madrid : |
| Nombre del editor, distribuidor, etc. | [s.n.], |
| Fecha de publicación, distribución, etc. | 1873 ( |
| Fabricante | Imprenta de José Rodriguez) |
| 300 ## - DESCRIPCIÓN FÍSICA | |
| Extensión | 30 p. ; |
| Dimensiones | 20 cm. |
| 500 ## - NOTA GENERAL | |
| Nota general | En port.: Estrenado en el Teatro de Jovellanos la noche del 10 de marzo de 1873. |
| 596 ## - NOTA AL PIE DE IMPRENTA | |
| NOTA AL PIE DE IMPRENTA | En verso de la port. consta: "... Los comisionados de la Galería Dramática y Lírica titulada el Teatro, de Alonso Gullon ..." |
| 700 1# - ENTRADA AGREGADA--NOMBRE PERSONAL | |
| Nombre de persona | Cereceda, Guillermo ( |
| Fechas asociadas al nombre | 1844-1919) |
| 9 (RLIN) | 126419 |
| 852 ## - LOCALIZACIÓN | |
| Ubicación | ES-MaACL |
| Número de control de estantería | F-8581(10) |
| Nota libre | -- Enc. pasta española |
| condición física | -- Falto de la cub. original |
| Nota libre | -- Enc. en un vol. facticio ormando parte de la col. facticia "Teatro español moderno", vol. 34 |
| Estatus retirado | Estado de pérdida | Estado de daño | No para préstamo | Colección | Biblioteca de origen | Biblioteca actual | Ubicación en estantería | Fecha de adquisición | Total de préstamos | Signatura topográfica completa | Código de barras | Visto por última vez | Precio de reemplazo | Tipo de ítem Koha |
|---|---|---|---|---|---|---|---|---|---|---|---|---|---|---|
| Libros del s. XIX | Biblioteca del Ateneo de Madrid | Biblioteca del Ateneo de Madrid | Sala Pecera Planta 2 | 17/01/2008 | F-8581(10) | 1170431 | 23/02/2023 | 23/02/2023 | Libro impreso antiguo |
